| 000 | 00329nam a2200109Ia 4500 | ||
|---|---|---|---|
| 008 | 171211s9999 xx 000 0 und d | ||
| 245 | _aLovetypes: Discover Your Romantic Style And Find Your Soul Mate | ||
| 245 | _cAlexander Avila | ||
| 260 | _c2009 | ||
| 650 | _xSexuality | ||
| 856 | _uhttp://down.ebook777.com/064/0380800144.pdf | ||
| 999 |
_c350639 _d350639 |
||